Регионална библиотека "Любен Каравелов" - Русе

Кукери (Запис номер 491692)

MARC детайли
000 -Лидер
Контролно поле с фиксирана дължина nkm a22 a 4500
003 - Код на организацията, давaща контролен номер
Контролно поле BLK
005 - Дата и час на последна редакция
Контролно поле 20230519135158.0
008 - Елементи от данни с фиксирана дължина
fixed length control field 180413b bul rap|r|||| r0| ||bulo|
010 ## - Наследен системен номер
LC control number KNG00209112000
020 ## - Международен стандартен номер на книга ISBN
Международен стандартен номер на книга ISBN 9786197198591
040 ## - Източник на каталожния запис
Идентификатор на билиотеката - собственик на записа BLK
041 ## - Код за език
Код за езика на текст/звукозапис или на отделно заглавие Български
Код за езика КДБФ Български
Други езици Английски
080 ## - УДК
Текстов определител УДК Издания за деца и юноши. Книжки-картинки. Читанки. Вж и 372.4
УДК код - определител по УДК 087.5
УДК - код + определител 087.5
139 ## - Редно поле
Редна дума Кукери
Авторски знак Ку - К 93
245 10 - Сведения за заглавието
Заглавие Кукери
Подзаглавни данни Оцветяване, рисуване, любопитни факти
Редно поле (дума) [състав. Петя Димитрова] ; [худож. Силвия Ганчева]
246 ## - Различни форми на заглавието
Паралелно заглавие = Kukeri : colouring, painting, curious facts ; [ill. Silvia Gancheva] / [transl. from Bulg. to Eng. lang. Albena Agasyan]
250 ## - Област на изданието
Сведения за изданието 2. изд.
257 ## - Страна на издаване
Страна на създаване/издаване България
260 ## - Област на издателските данни
Място на издаване, разпространение и проч. София
Име на издателя, разпространителя и проч. БГкнига
Година на издаване 2018
Печатница София : Д. Благоев
300 ## - Физическа характеристика
Страници 32 л.
Илюстрации и др. с ил., 2 л. цв. ил.
Размери/Мащаб 28 см
380 ## - Жанр
Жанр Детска отраслова лит.
490 ## - СЕРИИ (Колекции)
Име на серия Поредица Съкровищата на България
9 (RLIN) 209171
500 ## - Общи забележки
Забележка Сведения за авт. отговорност отбелязани на гърба на загл. с.
700 1# - Други автори (авторска отговорност)
Лично име Димитрова, Петя Валентинова
Автороска отговорност (Описва отношението между автора и произведението) състав.
9 (RLIN) 353056
700 ## - Други автори (авторска отговорност)
Лично име Ганчева, Силвия Иванова
Автороска отговорност (Описва отношението между автора и произведението) худож.
9 (RLIN) 353057
700 ## - Други автори (авторска отговорност)
Лично име Агасян, Албена Фран
Автороска отговорност (Описва отношението между автора и произведението) transl.
9 (RLIN) 322
856 4# - Електронен адрес и достъп
Електронен формат pdf - файл
Път до файла /url/
Инструкция (цена за достъп) 0.00
Права за достъп disable
856 4# - Електронен адрес и достъп
Електронен формат pdf - файл
Път до файла /url/
Инструкция (цена за достъп) 0.00
Права за достъп disable
999 ## - СИСТЕМНИ КОНТРОЛНИ НОМЕРА
Koha biblionumber 491692
Koha biblioitemnumber 491692
942 ## - АРТИКУЛИ
Вид на библиотечния материал Графични издания
Скрит в OPAC Не
Периодичен библиозапис Да
Koha issues (borrowed), all copies 1
944 ## - СЪЗДАВАНЕ И РЕДАКЦИЯ на ЗАПИСА
Създаване/Редакция Създаване
Дата на регистрацията/редакция 2023-05-19
Наличности
Код за отписване Код за изгубен артикул Източник на класификационната схема Код за повреда Коз за рестрикции Код за отдаване Артикулен № Име на библиотеката - собственик Име на библиотеката, в която се намира в момента Статус (Текущо местоположение) Дата на вписване в системата Местоположение - отдел Цена в лева Систематично азбучна сигнатура Баркод Цена в евро Служебен тип на артикула
  Не е изгубен Universal Decimal Classification Не е повреден без рестрикции заемане за дома 799407 Регионална библиотека "Любен Каравелов" Русе Регионална библиотека "Любен Каравелов" Русе Детски отдел 2020-09-17 Детски отдел 3.74 087.5/К 93 120000846818 1.91 Графични издания
Vip Innovations Ltd, Rousse, Bulgaria 2025